000 00454nam a2200169Ia 4500
005 20250424120320.0
008 250424s9999 xx 000 0 und d
022 _a23312483
050 _aTK 3001 .P69/
245 0 _aPower transmission engineering
260 _aNew york
260 _bFaculty of Administration Nasarawa State university
260 _c2015
300 _a78 p. :ill. ; 27 cm.
650 _aElectric power distribution.
942 _cSR
999 _c38616
_d38616